Countries of the World Shape Chain Game #1 - Statistics

General Stats
  • This quiz has been taken 6,234 times
  • The average score is 7 of 12
Answer Stats
Hint Answer % Correct
HTML tutorial Australia
100%
HTML tutorial Peru
81%
HTML tutorial Iceland
78%
HTML tutorial Pakistan
72%
HTML tutorial South Korea
59%
HTML tutorial Israel
58%
HTML tutorial Haiti
54%
HTML tutorial Japan
54%
HTML tutorial Jamaica
43%
Italy
42%
HTML tutorial Mexico
42%
HTML tutorial Jordan
41%
No matching quizzes found
Score Distribution
Percent of People with Each Score
Percentile by Number Answered
Your Score History
You have not taken this quiz